000 00411 a2200169 4500
001 185103
020 _a85-04-00854-1
040 _cMagnum
100 _aWolf, Fausto
240 1 0 _aCarta de um escritor aos estudantes
_lpor
245 1 0 _aCarta de um escritor aos estudantes
300 _a
362 0 _a2005
440 1 _aCompanhia Editora Nacional
697 _aLITERATURA INFANTO-JUVENIL
942 _cBK
999 _c185103
_d185103